| 000 | 01131nam0a22002531 4500 | ||
|---|---|---|---|
| 001 | rc\583996 | ||
| 005 | 20250621173354.0 | ||
| 035 | _a(NLR Aleph) 005831161 | ||
| 090 |
_a5581615 _c5581615 |
||
| 100 | _a20031121d1988 |||y0rusy50 ca | ||
| 101 | 0 | _arus | |
| 102 | _aRU | ||
| 105 | _aa ||||||||| | ||
| 200 | 1 |
_aТехнические средства АСУ на речном транспорте _eДиалоговые системы "человек - ЭВМ" на базе комплексов ЕС-7920 _eУчеб. пособие _fЮ.Д. Огородников, Н.Н. Корней, Г.И. Румянцев _gГорьков. ин-т инженеров вод. трансп., Каф. автоматизир. систем управления на реч. трансп. |
|
| 210 |
_aГорький _cГИИВТ _d1988 |
||
| 215 |
_a71, [2] с. _cил. _d20 |
||
| 700 | 1 |
_aОгородников _bЮ.Д. |
|
| 701 | 1 |
_aКорней _bН.Н. _gНиколай Николаевич |
|
| 701 | 1 |
_aРумянцев _bГ.Н. |
|
| 801 | 0 |
_aRU _bNLR _gpsbo |
|
| 801 | 1 |
_aRU _bELAR _2rusmarc |
|
| 852 |
_aNLR _j89-4/4494 |
||
| 942 | _cBOOK | ||
| 980 | _aNB | ||